|
|
|
|
| LEADER |
01324nam a2200385 a 4500 |
| 001 |
nkc20071759762 |
| 003 |
CZ PrNK |
| 005 |
20080103111923.0 |
| 007 |
ta |
| 008 |
071105s2007 xr a a 000 1 cze |
| 015 |
|
|
|a cnb001759762
|
| 020 |
|
|
|a 978-80-7185-859-1
|q (leporelo)
|
| 035 |
|
|
|a (OCoLC)190753940
|
| 040 |
|
|
|a ABA001
|b cze
|d BOA001
|
| 072 |
|
7 |
|a 821-93
|x Literatura pro děti a mládež (beletrie)
|2 Konspekt
|9 26
|
| 080 |
|
|
|a 821-93
|2 MRF
|
| 080 |
|
|
|a 821-193
|2 MRF
|
| 080 |
|
|
|a (0:82-193)
|2 MRF
|
| 080 |
|
|
|a (0.025.2)
|2 MRF
|
| 100 |
1 |
|
|a Fischerová-Kvěchová, Marie,
|d 1894-1984
|7 jk01031311
|4 ill
|
| 245 |
1 |
0 |
|a Říkadla a písničky pro kluky a holčičky /
|c [ilustrovala] Marie Fischerová-Kvěchová
|
| 250 |
|
|
|a Vyd. 1.
|
| 260 |
|
|
|a V Praze ;
|a Litomyšli :
|b Paseka,
|c 2007
|
| 300 |
|
|
|a [10] s. :
|b vše barev. il. ;
|c 16 x 19 cm
|
| 655 |
|
7 |
|a říkadla
|7 fd133992
|2 czenas
|
| 655 |
|
7 |
|a publikace pro děti
|7 fd133156
|2 czenas
|
| 655 |
|
7 |
|a leporela
|7 fd132727
|2 czenas
|
| 655 |
|
9 |
|a children's poetry
|2 eczenas
|
| 655 |
|
9 |
|a children's literature
|2 eczenas
|
| 655 |
|
9 |
|a folding picture-books
|2 eczenas
|
| 910 |
2 |
|
|a BOA001
|b M1-1193.910
|
| 990 |
|
|
|a BK
|
| 995 |
|
|
|a 01
|
| 991 |
|
|
|b 200711
|
| 996 |
6 |
|
|b 2610323950
|c M1-1193.910
|l MZK
|r Sklad / do 24 hodin
|n 0
|p p.v.
|w 000873142
|u 000010
|a 1
|e BOA001
|j MZK50
|s P
|